• 首页
  • 本馆介绍
  • 公告通知
  • 最新文献
  • 馆藏检索
  • 电子资源
  • 读者导购
  • 参考咨询
  • 我的图书馆
  • 登录
  • 详细信息显示
  • 放入我的书架
  • 预约/预借图书
  • 作者相关作品
  • 分类相关作品
  • 丛书相关作品
  • 出版社相关作品

书目信息

  • 表格格式
  • 工作单格式
  • 卡片格式
题名:
浙江农林大学常见植物图鉴
    
 
作者: 金水虎 , 刘守赞 主编
分册:  
出版信息: 北京   中国林业出版社·教育分社  2020.11
页数: 10,310页
开本: 24cm
丛书名:
单 册:
中图分类: Q948.525.51
科图分类:
主题词: 农业科学--高等学校--植物--杭州--教材
电子资源:
ISBN: 978-7-5219-0815-2
000 01151nam0 2200277 45
001 012001002152
005 20140913131805.0
010    @a978-7-5219-0815-2@dCNY79.00
100    @a20210414d2020 em y0chiy50 ea
101 0  @achi
102    @aCN@b110000
105    @aa z 001yy
106    @ar
200 1  @a浙江农林大学常见植物图鉴@Azhe jiang nong lin da xue chang jian zhi wu tu jian@dGuide to the common plants of Zhejiang A&F University@f金水虎, 刘守赞主编@zeng
210    @a北京@c中国林业出版社·教育分社@d2020.11
215    @a10,310页@d24cm
300    @a国家林业和草原局普通高等教育“十三五”规划教材
300    @a并列题名:Guide to the common plants of Zhejiang A&F University
330    @a本书收录了浙江农林大学植物园常见的种子植物300种(含种下等级),附种29种,介绍了各植物主要的鉴别特征、习性、校园内分布情况及主要用途等。
510 1  @aGuide to the common plants of Zhejiang A&F University@zeng
606 0  @a农业科学@x高等学校@x植物@y杭州@j教材
690    @aQ948.525.51@v5
701  0 @a金水虎@Ajin shui hu@4主编
701  0 @a刘守赞@Aliu shou zan@4主编
801  0 @aCN@bBJSDL@c20211011
905    @b1338636-9@dQ948.525.51@e505@f4
    
    浙江农林大学常见植物图鉴=Guide to the common plants of Zhejiang A&F University/金水虎, 刘守赞主编.-北京:中国林业出版社·教育分社,2020.11
    10,310页;24cm
    国家林业和草原局普通高等教育“十三五”规划教材.-并列题名:Guide to the common plants of Zhejiang A&F University
    
    ISBN 978-7-5219-0815-2:CNY79.00
    本书收录了浙江农林大学植物园常见的种子植物300种(含种下等级),附种29种,介绍了各植物主要的鉴别特征、习性、校园内分布情况及主要用途等。
●
相关链接 在E读中查询图书 在五车中查询图书 在当当中查询图书 在豆瓣中查询图书


正题名:浙江农林大学常见植物图鉴     索取号:Q948.525.51/505         预约/预借

序号 登录号 条形码 馆藏地/架位号 状态 备注
1 1338636   213386361   第二样本阅览室/ [索取号:Q948.525.51/505] 在馆    
2 1338637   213386370   第三借阅区/ [索取号:Q948.525.51/505] 在馆    
3 1338638   213386389   第三借阅区/ [索取号:Q948.525.51/505] 在馆    
4 1338639   213386398   第三借阅区/ [索取号:Q948.525.51/505] 在馆    
唐山师范学院图书馆 欢迎您!
大连网信软件有限公司© 版权所有